| 000 | 00415nam a22001577a 4500 | ||
|---|---|---|---|
| 003 | OSt | ||
| 005 | 20150927144525.0 | ||
| 008 | 150927b xxu||||| |||| 00| 0 eng d | ||
| 040 | _cRUA | ||
| 082 | _aAGR CHO 2011 B050 Or.1 | ||
| 100 |
_91421 _aCHON, VANNARITH |
||
| 245 | _aEffect of planting date on cassava variety km94 | ||
| 260 |
_aPhnom Penh _bRUA _c2011 |
||
| 300 |
_aviii, 38p. _bill. _c29cm. |
||
| 942 |
_2ddc _cAGR |
||
| 999 |
_c1335 _d1335 |
||